000
00268nam a2200085Ia 4500
245
0
_a
Cooked in Africa : a cooking journal through Southern Africa
100
_a
Bonello, Justin Johannesburg,, [c.2009]
942
_c
BK
008
210819s9999 xx 000 0 und d
999
_c
289684
_d
289683